00335nam a22001097a 4500008004100000020001500041082001800056110001900074245009200093260002600185300001400211230704b xxu||||| |||| 00| 0 eng d a9211480981 a341.762bUNEP bUnited Nations aRegister of International treaties and other Agreements in the Field of the Environment aNairobibUNcMay 1985 a92pb209p